A Quiz About Penguins - Statistics

General Stats
  • This quiz has been taken 62 times
  • The average score is 10 of 20
Answer Stats
Description Answer % Correct
Continent in which most of the world's penguins live Antarctica
98%
The two largest of the penguin species Emperor Penguin
93%
Animated movie series in which the penguins Skipper, Rico, Kowalski and Private appear Madagascar
69%
C word for disguising from view, which the penguins' countershading is for Camouflage
64%
The two largest of the penguin species King Penguin
64%
Country in which one could see a yellow-eyed, a snares, an erect-crested,a fiordland and a little penguin in the wild New Zealand
62%
South American island chain in which Northern Hemisphere's only penguin species live in the wild Galápagos Islands
60%
African city where you could visit the Boulders Beach to see a penguin colony Cape Town
58%
What the name of the company with this logo is: Penguin {Books}
53%
2006 Robin Williams movie about singing and dancing penguins Happy Feet
47%
Penguins usually eat small fish, squids and these Krills
47%
Operating system, created by Linus Torvalds, that has a penguin as its mascot Linux
44%
Jim Carrey movie about a serious businessman who needs penguins to rekindle his relationship with his children {Mr}. {Popper}'{s} Penguins
40%
Penguin species that is named after a Portuguese explorer Magellanic Penguin
38%
City in the U.S. Rust Belt where the NHL's Penguins call home Pittsburgh
38%
Country in Southern Africa that the Penguin Islands are parts of Namibia
33%
British overseas territory near the Falkland Islands which has a macaroni penguinon its coat of arms South Georgia and the South Sandwich Islands
29%
2007 Shia LaBeouf animated movie about surfing penguins Surf's Up
25%
Children's animated series in which the characters talk the Penguinese language Pingu
22%
Irish actor who portrayed the title role in HBO's "The Penguin" Colin Farrell
20%
No matching quizzes found
Score Distribution
Percent of People with Each Score
Percentile by Number Answered
Your Score History
You have not taken this quiz